|
|
|
|
| LEADER |
00000nam a22000007a 4500 |
| 005 |
20220706230442.0 |
| 007 |
cr|||| |||| |
| 008 |
220706s2022 co |||||s|||| 00||0 spa d |
| 020 |
|
|
|a 978-958-53906-0-7
|
| 035 |
|
|
|a 36692
|
| 040 |
|
|
|a vLex
|
| 090 |
|
|
|c 13538
|d 13538
|
| 100 |
1 |
|
|a Chavarro Cadena, Jorge Enrique
|
| 245 |
1 |
0 |
|a Estatuto Tributario Nacional Concordado 2022
|h [Recurso electrn̤ico] /
|c Jorge Enrique Chavarro Cadena, Leonardo Varn̤ Garca̕, Cindy Lorena Chavarro Moreno
|
| 256 |
|
|
|a Servicio en ln̕ea
|
| 260 |
|
|
|a Bogot:̀
|b Grupo Editorial Nueva Legislacin̤,
|c 2022
|
| 300 |
|
|
|a 1 recurso electrn̤ico
|
| 500 |
|
|
|a Es una edicin̤ concordada y actualizada con la Ley de Inversin̤ Social (Ley 2155 de 14 de septiembre de 2021) y anteriores, el Decreto Único Reglamentario 1625 de 11 de octubre de 2016 y la normatividad vigente hasta el cierre de esta edicin̤; cuenta con un primer suplemento impreso de la Ley 2155 de 2021 comentada, analizada y explicada y un segundo suplemento con las modificaciones introducidas al Estatuto Tributario Nacional desde el aǫ 1990, las cuales se encuentran en formato digital y se deben consultar permanentemente por la importancia de las mismas. Se trata de una publicacin̤ integral ya que incluye las concordancias correspondientes en cada uno de los artc̕ulos de la obra; tales como: Leyes, Decreto Único Reglamentario DUR 1625, Decretos Reglamentarios, Decretos ordinarios, Resoluciones, Circulares, Doctrina y Jurisprudencia, Exequibilidades e Inexequibilidades, Comentarios NIF para Pymes; valores agregados que nuestros suscriptores pueden consultar en nuestra pg̀ina web.
|
| 506 |
1 |
|
|a Disponible solo en los productos indicados
|d vLex Global
|d vLex Global (Academic Edition, excluding Law Schools)
|d vLex Global (U.S. Academic Edition, Law Schools)
|d vLex Global (U.S. Academic Edition, excluding Law Schools)
|d vLex Global (Academic Edition, Law Schools)
|
| 650 |
0 |
4 |
|a Derecho Tributario
|z Colombia
|
| 700 |
1 |
|
|a Varn̤ Garca̕, Leonardo
|
| 700 |
1 |
|
|a Chavarro Moreno, Cindy Lorena
|
| 740 |
0 |
|
|a vLex Libros (Servicio en ln̕ea)
|
| 856 |
4 |
0 |
|u https://app.vlex.com/#/sources/36692
|z Acceso restringido
|
| 942 |
|
|
|c BOOK
|
| 999 |
0 |
|
|a Tax Law
|